[Event "GBR-ch111 Major Open"]
[Site "Liverpool"]
[Date "2025.08.03"]
[Round "2.18"]
[White "Green, Michael"]
[Black "Shivakumar, Akshath"]
[Result "1/2-1/2"]
[WhiteElo "2009"]
[BlackElo "1901"]
[PlyCount "134"]
[EventDate "2025.08.02"]
[EventType "swiss"]
[EventRounds "9"]
[EventCountry "GBR"]
[SourceTitle "BritBase"]
[Source "John Saunders"]
[SourceDate "2025.08.11"]
[SourceVersion "1"]
[SourceVersionDate "2025.08.11"]
[SourceQuality "1"]

1. c3 d5 2. d4 e6 3. Bf4 c5 4. e3 Nc6 5. Nd2 Bd6 6. Bxd6 Qxd6 7. Be2 cxd4 8. cxd4 Nge7 9. Ngf3 O-O 10. O-O f5 11. Nb3 b6 12. Nc1 Bb7 13. Nd3 Ba6 14. Rc1 Rac8 15. Nf4 Bxe2 16. Qxe2 Rc7 17. Ng5 Rf6 18. Qd2 h6 19. Nf3 Rf8 20. Rc3 Rfc8 21. Rfc1 g5 22. Nd3 Na5 23. Nfe5 Nc4 24. Qc2 b5 25. Qe2 b4 26. R3c2 a5 27. h3 Nxe5 28. Nxe5 Rxc2 29. Rxc2 Rxc2 30. Qxc2 Kg7 31. Qa4 Qd8 32. Qb5 Kf6 33. Nd7+ Kf7 34. Nc5 Qc7 35. Qa6 Nc6 36. Qa8 Nd8 37. Nb3 Nb7 38. Qa7 Qe7 39. Nxa5 Nxa5 40. Qxa5 Qb7 41. Kf1 Qc6 42. Qxb4 Qc1+ 43. Ke2 Qc2+ 44. Qd2 Qc4+ 45. Kd1 Qxa2 46. Kc2 Qa4+ 47. Kb1 Qc4 48. Qc2 Qf1+ 49. Ka2 Qxg2 50. b4 Qxh3 51. b5 Qf1 52. Qc7+ Kf6 53. b6 Qa6+ 54. Kb3 Qb5+ 55. Kc2 Qa4+ 56. Kd3 Qb3+ 57. Ke2 Qb5+ 58. Kf3 Qf1 59. Qe5+ Kf7 60. Qh2 g4+ 61. Kg3 Qe2 62. Qh1 Qb5 63. Qxh6 Qxb6 64. Qh7+ Kf6 65. Qh8+ Kf7 66. Qh7+ Kf6 67. Qh8+ Kf7 1/2-1/2

[Event "GBR-ch111 Major Open"]
[Site "Liverpool"]
[Date "2025.08.03"]
[Round "2.19"]
[White "Quaite, Toby"]
[Black "Wilkinson, Daniel"]
[Result "1-0"]
[WhiteElo "1988"]
[BlackElo "1889"]
[PlyCount "105"]
[EventDate "2025.08.02"]
[EventType "swiss"]
[EventRounds "9"]
[EventCountry "GBR"]
[SourceTitle "BritBase"]
[Source "John Saunders"]
[SourceDate "2025.08.11"]
[SourceVersion "1"]
[SourceVersionDate "2025.08.11"]
[SourceQuality "1"]

1. a3 d5 2. Nf3 c5 3. c4 dxc4 4. e3 Nc6 5. Bxc4 Nf6 6. O-O a6 7. Qc2 g6 8. d3 Bg7 9. Nbd2 O-O 10. Rb1 Qc7 11. Ba2 Rd8 12. Qxc5 b5 13. Ng5 e6 14. d4 h6 15. Nge4 Nd5 16. Nf3 Bb7 17. Qc2 Nxd4 18. Nxd4 Bxd4 19. Qxc7 Nxc7 20. Ng3 Bg7 21. e4 Rd3 22. Be3 Rad8 23. Rfe1 h5 24. Bb6 R8d7 25. Kf1 Rd2 26. e5 Nd5 27. Ba5 Rd3 28. Ne4 Bf8 29. Bxd5 R7xd5 30. Nf6+ Kg7 31. Nxd5 Bxd5 32. Rbd1 Rb3 33. Rd2 Bc5 34. Rc1 Bc4+ 35. Ke1 Bxa3 36. bxa3 Rxa3 37. Bd8 g5 38. Bxg5 a5 39. Rb2 Kg6 40. Be7 Rd3 41. Ra1 a4 42. Ra3 Rd4 43. f3 Kf5 44. Rd2 Rf4 45. Kf2 Bd5 46. Rb2 Bc4 47. Ke3 Bf1 48. Rb4 Rxb4 49. Bxb4 Bxg2 50. Kf2 Bh3 51. f4 Kxf4 52. Rxh3 Kxe5 53. Rxh5+ 1-0

[Event "GBR-ch111 Major Open"]
[Site "Liverpool"]
[Date "2025.08.03"]
[Round "2.20"]
[White "Gadzhiev, Farid"]
[Black "Thomas, James"]
[Result "0-1"]
[WhiteElo "1978"]
[BlackElo "1882"]
[PlyCount "102"]
[EventDate "2025.08.02"]
[EventType "swiss"]
[EventRounds "9"]
[EventCountry "GBR"]
[SourceTitle "BritBase"]
[Source "John Saunders"]
[SourceDate "2025.08.11"]
[SourceVersion "1"]
[SourceVersionDate "2025.08.11"]
[SourceQuality "1"]

1. e4 e6 2. d4 d5 3. e5 c5 4. c3 Nc6 5. Nf3 Bd7 6. a3 Nge7 7. b4 cxd4 8. cxd4 Nf5 9. Bb2 b5 10. Bxb5 Nxe5 11. Bxd7+ Nxd7 12. Ne5 Bd6 13. O-O O-O 14. Nd2 Rc8 15. Nxd7 Qxd7 16. Nb3 Qc7 17. h3 Qc2 18. Rb1 Qe4 19. Qg4 Ng3 20. Qxe4 Nxe4 21. Rfc1 Bf4 22. Rxc8 Rxc8 23. Nc5 Nd2 24. Re1 Nc4 25. Rb1 Bg5 26. a4 Bd2 27. Bc1 Bc3 28. Be3 Nd2 29. Bxd2 Bxd2 30. Rb3 Bg5 31. Kf1 Bf6 32. Rd3 Rb8 33. b5 Rc8 34. Nd7 Rc1+ 35. Ke2 Bd8 36. Ke3 f6 37. Nc5 Kf7 38. Nb3 Rc4 39. a5 Rb4 40. b6 axb6 41. axb6 Bxb6 42. Kd2 h5 43. g4 hxg4 44. hxg4 e5 45. dxe5 fxe5 46. f3 e4 47. fxe4 dxe4 48. Rg3 e3+ 49. Kc3 Rxb3+ 50. Kxb3 e2 51. Rf3+ Kg6 0-1

[Event "GBR-ch111 Major Open"]
[Site "Liverpool"]
[Date "2025.08.03"]
[Round "2.21"]
[White "Nguyen, Lam Vy Le"]
[Black "Terler, Bohdan"]
[Result "0-1"]
[WhiteElo "1807"]
[BlackElo "1974"]
[PlyCount "94"]
[EventDate "2025.08.02"]
[EventType "swiss"]
[EventRounds "9"]
[EventCountry "GBR"]
[SourceTitle "BritBase"]
[Source "John Saunders"]
[SourceDate "2025.08.11"]
[SourceVersion "1"]
[SourceVersionDate "2025.08.11"]
[SourceQuality "1"]

1. e4 c6 2. Nc3 d5 3. Nf3 dxe4 4. Nxe4 Nf6 5. Qe2 Nxe4 6. Qxe4 Nd7 7. Bc4 Nf6 8. Ne5 e6 9. Qe2 b5 10. Bb3 Bd6 11. Nxc6 Qc7 12. Nd4 a6 13. Nf5 O-O 14. Nxd6 Qxd6 15. Qf3 Rb8 16. Qg3 e5 17. d3 Bb7 18. O-O a5 19. a4 b4 20. Be3 Rbd8 21. Rad1 Qc6 22. Rfe1 Rfe8 23. f3 Nd5 24. Bf2 Nf4 25. d4 Rd6 26. d5 Qd7 27. Rxe5 Rxe5 28. Qxf4 Rf5 29. Qg4 h5 30. Qd4 Rdxd5 31. Bxd5 Rxd5 32. Qxd5 Bxd5 33. b3 Qc6 34. h3 Be6 35. Rd2 Qc3 36. Be1 Qe3+ 37. Kf1 Kh7 38. Re2 Qd4 39. Re4 Qd1 40. Re2 Bf5 41. Rd2 Qb1 42. Rd5 Qxc2 43. Rxa5 Qxb3 44. Ra7 Qd1 45. Re7 Qxa4 46. Rxf7 Qd1 47. Re7 b3 0-1

[Event "GBR-ch111 Major Open"]
[Site "Liverpool"]
[Date "2025.08.03"]
[Round "2.22"]
[White "Vaddhireddy, Sai"]
[Black "Shankar, Yashwardhan"]
[Result "1-0"]
[WhiteElo "1972"]
[BlackElo "1761"]
[PlyCount "75"]
[EventDate "2025.08.02"]
[EventType "swiss"]
[EventRounds "9"]
[EventCountry "GBR"]
[SourceTitle "BritBase"]
[Source "John Saunders"]
[SourceDate "2025.08.11"]
[SourceVersion "1"]
[SourceVersionDate "2025.08.11"]
[SourceQuality "1"]

1. d4 Nf6 2. c4 g6 3. g3 Bg7 4. Bg2 O-O 5. Nc3 d6 6. Nf3 c6 7. e4 Bg4 8. h3 Bxf3 9. Bxf3 e5 10. d5 Na6 11. h4 cxd5 12. cxd5 Qa5 13. Be3 b5 14. O-O Nd7 15. a4 b4 16. Nb5 f5 17. Nxd6 f4 18. gxf4 exf4 19. Bd4 Qd8 20. Bxg7 Kxg7 21. Qd4+ Kh6 22. Kg2 Qe7 23. Nc4 Nac5 24. Rae1 Nb3 25. Qd1 Nbc5 26. e5 g5 27. Rh1 g4 28. Bxg4 f3+ 29. Bxf3 Rf4 30. e6 Rg8+ 31. Kf1 Rgf8 32. exd7 Qxd7 33. Ne5 Qd6 34. Qe2 Qb8 35. Ng4+ Kg6 36. h5+ Kf7 37. Qe7+ Kg8 38. Nf6+ 1-0

[Event "GBR-ch111 Major Open"]
[Site "Liverpool"]
[Date "2025.08.03"]
[Round "2.23"]
[White "Nitish, Brunth Sundar"]
[Black "Welling, Zac"]
[Result "0-1"]
[WhiteElo "1782"]
[BlackElo "1970"]
[PlyCount "108"]
[EventDate "2025.08.02"]
[EventType "swiss"]
[EventRounds "9"]
[EventCountry "GBR"]
[SourceTitle "BritBase"]
[Source "John Saunders"]
[SourceDate "2025.08.11"]
[SourceVersion "1"]
[SourceVersionDate "2025.08.11"]
[SourceQuality "1"]

1. d4 d5 2. Bf4 Nf6 3. e3 c5 4. c3 Qb6 5. Qb3 c4 6. Qc2 g6 7. Nd2 Bf5 8. Qc1 Bg7 9. h3 Nc6 10. Ngf3 O-O 11. Be2 Rfe8 12. O-O Rac8 13. g4 Bd3 14. Bxd3 cxd3 15. Ne5 Qa6 16. Nb3 b6 17. Rd1 Nb4 18. a3 Nc2 19. Rb1 Qb5 20. Na1 Nxa1 21. Rxa1 a5 22. Nxd3 a4 23. Nb4 h5 24. g5 Nd7 25. Qc2 Nf8 26. Qd3 Rc4 27. Qf1 Ne6 28. Qg2 Nxf4 29. exf4 e6 30. Re1 Rd8 31. Re3 Rcc8 32. Rae1 Qc4 33. Qf3 Qb3 34. Qe2 Qc4 35. Qd3 Qxd3 36. Nxd3 Bf8 37. Ne5 Rc7 38. R1e2 Rdc8 39. Kg2 Kg7 40. Nd3 Bd6 41. Kf3 Ra7 42. Ne5 Rcc7 43. Kg3 Ra5 44. Kh4 Rb5 45. Nd3 Rc8 46. f3 Kf8 47. Ne5 Rc7 48. Nxg6+ fxg6 49. Rxe6 Re7 50. Rf6+ Kg7 51. Ree6 Rxe6 52. Rxe6 Bxf4 53. Rf6 Be3 54. f4 Bf2# 0-1

[Event "GBR-ch111 Major Open"]
[Site "Liverpool"]
[Date "2025.08.03"]
[Round "2.24"]
[White "Skettos, Nicolas"]
[Black "Boganadham, Ved Sudeep"]
[Result "1-0"]
[WhiteElo "1968"]
[BlackElo "1731"]
[PlyCount "105"]
[EventDate "2025.08.02"]
[EventType "swiss"]
[EventRounds "9"]
[EventCountry "GBR"]
[SourceTitle "BritBase"]
[Source "John Saunders"]
[SourceDate "2025.08.11"]
[SourceVersion "1"]
[SourceVersionDate "2025.08.11"]
[SourceQuality "1"]

1. e4 e5 2. Nf3 Nf6 3. Nc3 Nc6 4. d4 exd4 5. Nxd4 Nxe4 6. Nxe4 Qe7 7. f3 d5 8. Bb5 Bd7 9. Bxc6 bxc6 10. O-O dxe4 11. Re1 f5 12. fxe4 fxe4 13. Bf4 g6 14. Qe2 Bg7 15. Qc4 c5 16. Nb3 Be6 17. Qxe4 O-O 18. Bxc7 Qxc7 19. Qxe6+ Kh8 20. c3 Rad8 21. Qc4 Be5 22. h3 Bg3 23. Rf1 Bf4 24. Rae1 Bg3 25. Rd1 Qe5 26. Rxd8 Qe3+ 27. Kh1 Rxd8 28. Qxc5 Qxc5 29. Nxc5 Rd5 30. Ne6 Bd6 31. Nd4 Kg7 32. Kg1 Bc5 33. Rd1 Kf6 34. Kf1 a5 35. Ke2 Ke5 36. Nc6+ Ke4 37. Rxd5 Kxd5 38. Nxa5 Bb6 39. Nb3 Ke4 40. Nd2+ Kf4 41. Nc4 Bc7 42. b4 Kg3 43. b5 Kxg2 44. b6 Bb8 45. a4 Kxh3 46. a5 g5 47. a6 g4 48. a7 Bxa7 49. bxa7 g3 50. Ne3 h5 51. a8=Q g2 52. Qxg2+ Kh4 53. Nf5# 1-0

[Event "GBR-ch111 Major Open"]
[Site "Liverpool"]
[Date "2025.08.03"]
[Round "2.25"]
[White "Saxena, Samidh"]
[Black "Brown, Tom"]
[Result "0-1"]
[WhiteElo "1445"]
[BlackElo "1961"]
[PlyCount "88"]
[EventDate "2025.08.02"]
[EventType "swiss"]
[EventRounds "9"]
[EventCountry "GBR"]
[SourceTitle "BritBase"]
[Source "John Saunders"]
[SourceDate "2025.08.11"]
[SourceVersion "1"]
[SourceVersionDate "2025.08.11"]
[SourceQuality "1"]

1. e4 c6 2. d4 d5 3. Nc3 dxe4 4. Nxe4 Nd7 5. Nf3 Ngf6 6. Nxf6+ Nxf6 7. Bd3 Bg4 8. c3 e6 9. h3 Bh5 10. Bg5 Be7 11. Qe2 Qd5 12. Bxf6 Bxf3 13. gxf3 Bxf6 14. Qe4 Qa5 15. f4 g6 16. Bc4 O-O 17. h4 h5 18. Rg1 Kh8 19. O-O-O Qf5 20. Qg2 Qxf4+ 21. Kb1 a5 22. Bxe6 fxe6 23. Qxg6 Qf5+ 24. Rd3 Qxg6 25. Rxg6 Kh7 26. Rdg3 Rad8 27. Kc2 Rd5 28. Rg1 Rf5 29. R6g2 Rf4 30. Re1 Re8 31. f3 Rxf3 32. Rge2 Rf4 33. Re4 Rxe4 34. Rxe4 Kg6 35. Kd3 Kf5 36. Re1 Bxh4 37. Re5+ Kg6 38. Rxa5 Bf6 39. Ra7 Re7 40. a4 h4 41. Ke2 Kf5 42. Kf3 Rg7 43. Ra8 h3 44. Rh8 Rg3+ 0-1

[Event "GBR-ch111 Major Open"]
[Site "Liverpool"]
[Date "2025.08.03"]
[Round "2.26"]
[White "Buckland, Louis"]
[Black "Korsinskij, Nikolas"]
[Result "1-0"]
[WhiteElo "1961"]
[BlackElo "1674"]
[PlyCount "53"]
[EventDate "2025.08.02"]
[EventType "swiss"]
[EventRounds "9"]
[EventCountry "GBR"]
[SourceTitle "BritBase"]
[Source "John Saunders"]
[SourceDate "2025.08.11"]
[SourceVersion "1"]
[SourceVersionDate "2025.08.11"]
[SourceQuality "1"]

1. d4 Nf6 2. c4 e6 3. g3 Bb4+ 4. Bd2 Qe7 5. Bg2 Bxd2+ 6. Nxd2 d5 7. Ngf3 b6 8. cxd5 exd5 9. O-O O-O 10. Rc1 c5 11. dxc5 bxc5 12. Qc2 Nbd7 13. Rfe1 Bb7 14. e4 d4 15. e5 Nd5 16. a3 Rac8 17. h4 h6 18. Nc4 Rc7 19. h5 N7b6 20. Nd6 Ba6 21. Qf5 Qe6 22. Qxe6 fxe6 23. Nd2 Rb8 24. Bh3 Re7 25. Rxc5 Nc7 26. b4 Bd3 27. Nf3 1-0

[Event "GBR-ch111 Major Open"]
[Site "Liverpool"]
[Date "2025.08.03"]
[Round "2.28"]
[White "Patel, Keatan"]
[Black "Byrne, Colin J"]
[Result "1-0"]
[WhiteElo "2041"]
[BlackElo "1716"]
[PlyCount "53"]
[EventDate "2025.08.02"]
[EventType "swiss"]
[EventRounds "9"]
[EventCountry "GBR"]
[SourceTitle "BritBase"]
[Source "John Saunders"]
[SourceDate "2025.08.11"]
[SourceVersion "1"]
[SourceVersionDate "2025.08.11"]
[SourceQuality "1"]

1. e4 g6 2. d4 Bg7 3. Nc3 d6 4. Be3 c5 5. dxc5 Qa5 6. cxd6 Bxc3+ 7. bxc3 Qxc3+ 8. Bd2 Qc5 9. Bd3 Qxd6 10. Bc3 f6 11. h4 h5 12. Nf3 Nc6 13. Qd2 e5 14. Rb1 Nge7 15. O-O Kf8 16. Nh2 Kg7 17. f4 b6 18. fxe5 Nxe5 19. Nf3 Bg4 20. Nxe5 fxe5 21. Rb5 Nc6 22. Bc4 Qxd2 23. Rf7+ Kh6 24. Bxd2+ g5 25. Bxg5+ Kg6 26. Rf6+ Kg7 27. Rxc6 1-0

[Event "GBR-ch111 Major Open"]
[Site "Liverpool"]
[Date "2025.08.03"]
[Round "2.29"]
[White "Sheikh, Anum"]
[Black "Varnam, Liam D"]
[Result "1/2-1/2"]
[WhiteElo "1842"]
[BlackElo "2105"]
[PlyCount "57"]
[EventDate "2025.08.02"]
[EventType "swiss"]
[EventRounds "9"]
[EventCountry "GBR"]
[SourceTitle "BritBase"]
[Source "John Saunders"]
[SourceDate "2025.08.11"]
[SourceVersion "1"]
[SourceVersionDate "2025.08.11"]
[SourceQuality "1"]

1. e4 c5 2. Nf3 Nc6 3. d4 cxd4 4. Nxd4 Nf6 5. Nc3 e5 6. Ndb5 d6 7. Bg5 a6 8. Na3 b5 9. Bxf6 gxf6 10. Nd5 f5 11. exf5 Bxf5 12. c3 Bg7 13. Nc2 O-O 14. Nce3 Be6 15. g3 f5 16. Bg2 Rc8 17. Qh5 Ne7 18. Rd1 Nxd5 19. Bxd5 Qd7 20. O-O Rc5 21. f4 Bxd5 22. Rxd5 Rxd5 23. Nxd5 Qa7+ 24. Rf2 e4 25. Qe2 Re8 26. Qh5 Rf8 27. Kf1 e3 28. Re2 Kh8 29. Rf2 1/2-1/2

[Event "GBR-ch111 Major Open"]
[Site "Liverpool"]
[Date "2025.08.03"]
[Round "2.30"]
[White "Sanada, Tetsuaki"]
[Black "Blinkhorn, Joshua"]
[Result "1-0"]
[WhiteElo "2021"]
[BlackElo "1838"]
[PlyCount "35"]
[EventDate "2025.08.02"]
[EventType "swiss"]
[EventRounds "9"]
[EventCountry "GBR"]
[SourceTitle "BritBase"]
[Source "John Saunders"]
[SourceDate "2025.08.11"]
[SourceVersion "1"]
[SourceVersionDate "2025.08.11"]
[SourceQuality "1"]

1. Nf3 Nf6 2. g3 g6 3. Bg2 Bg7 4. O-O c5 5. c4 O-O 6. Nc3 d5 7. cxd5 Nxd5 8. Nxd5 Qxd5 9. d3 Nc6 10. Qc2 Nb4 11. Qb1 Qd7 12. Be3 Qa4 13. Bxc5 Nc2 14. b3 Qc6 15. Qxc2 b6 16. Nd2 Qxc5 17. Qxc5 bxc5 18. Bxa8 1-0

[Event "GBR-ch111 Major Open"]
[Site "Liverpool"]
[Date "2025.08.03"]
[Round "2.31"]
[White "Mulukutla, Ayaansh"]
[Black "Lee, Alexandre KM"]
[Result "0-1"]
[WhiteElo "1852"]
[BlackElo "2006"]
[PlyCount "58"]
[EventDate "2025.08.02"]
[EventType "swiss"]
[EventRounds "9"]
[EventCountry "GBR"]
[SourceTitle "BritBase"]
[Source "John Saunders"]
[SourceDate "2025.08.11"]
[SourceVersion "1"]
[SourceVersionDate "2025.08.11"]
[SourceQuality "1"]

1. e4 e6 2. d4 d5 3. e5 c5 4. c3 Nc6 5. Nf3 Qb6 6. Bd3 cxd4 7. cxd4 Bd7 8. O-O Nxd4 9. Nxd4 Qxd4 10. Nc3 a6 11. Re1 Ne7 12. Be3 Qxe5 13. Qg4 Ng6 14. Rad1 Bc6 15. Bxg6 hxg6 16. Bf4 Qf5 17. Qg3 g5 18. Bxg5 f6 19. Be3 O-O-O 20. f4 Bd6 21. Ne2 e5 22. Rf1 Qh5 23. fxe5 fxe5 24. Rd2 Bc7 25. Bg5 Rdf8 26. Rxf8+ Rxf8 27. Be3 d4 28. Qxg7 Qf5 29. Ng3 Qb1+ 0-1

[Event "GBR-ch111 Major Open"]
[Site "Liverpool"]
[Date "2025.08.03"]
[Round "2.32"]
[White "Coe, Laurence"]
[Black "Vashisht-Pigem, Raman"]
[Result "0-1"]
[WhiteElo "1833"]
[BlackElo "1981"]
[PlyCount "72"]
[EventDate "2025.08.02"]
[EventType "swiss"]
[EventRounds "9"]
[EventCountry "GBR"]
[SourceTitle "BritBase"]
[Source "John Saunders"]
[SourceDate "2025.08.11"]
[SourceVersion "1"]
[SourceVersionDate "2025.08.11"]
[SourceQuality "1"]

1. Nf3 d6 2. d4 Nf6 3. c4 g6 4. Nc3 Bg7 5. g3 O-O 6. Bg2 Nc6 7. O-O e5 8. Bg5 exd4 9. Nb5 h6 10. Bc1 Ne5 11. Nfxd4 c5 12. Nc2 Nxc4 13. b3 a6 14. bxc4 axb5 15. Bf4 Ne8 16. cxb5 Bxa1 17. Qxa1 g5 18. Bd2 Be6 19. a4 d5 20. h4 Qf6 21. hxg5 hxg5 22. Qc1 Rxa4 23. Bxg5 Qg6 24. Be7 Rc4 25. Bxf8 Rxc2 26. Qh6 Qxh6 27. Bxh6 Rxe2 28. f4 Nd6 29. Rd1 Nf5 30. Bf3 Re3 31. Kf2 Rb3 32. Bg5 Rb2+ 33. Be2 Nd4 34. Bf6 Rxe2+ 35. Kf1 Bh3+ 36. Kg1 Nf3+ 0-1

[Event "GBR-ch111 Major Open"]
[Site "Liverpool"]
[Date "2025.08.03"]
[Round "2.33"]
[White "Ellson, Louie"]
[Black "Pick, Freddie"]
[Result "1/2-1/2"]
[WhiteElo "1807"]
[BlackElo "1978"]
[PlyCount "86"]
[EventDate "2025.08.02"]
[EventType "swiss"]
[EventRounds "9"]
[EventCountry "GBR"]
[SourceTitle "BritBase"]
[Source "John Saunders"]
[SourceDate "2025.08.11"]
[SourceVersion "1"]
[SourceVersionDate "2025.08.11"]
[SourceQuality "1"]

1. d4 Nf6 2. c4 g6 3. Nc3 Bg7 4. e4 d6 5. h3 O-O 6. Be3 a5 7. Nf3 e5 8. dxe5 dxe5 9. Qxd8 Rxd8 10. Bg5 Re8 11. O-O-O c6 12. Bd3 Na6 13. Bc2 Nd7 14. Nd2 Ndc5 15. Nb3 Nxb3+ 16. Bxb3 Nc5 17. Bc2 Ne6 18. Be3 Nd4 19. c5 Be6 20. Na4 Rad8 21. b3 f5 22. f3 Bf8 23. Bxd4 exd4 24. g4 Bh6+ 25. Kb1 fxe4 26. fxe4 Rf8 27. Bd3 Rf3 28. Nb6 Bf8 29. Na4 Be7 30. Kc2 Rdf8 31. Rdf1 g5 32. Be2 Rxf1 33. Rxf1 Rd8 34. Kd3 Kg7 35. Bd1 Bc8 36. a3 b5 37. Nb6 Bxc5 38. Nxc8 Rxc8 39. a4 bxa4 40. bxa4 Rf8 41. Rxf8 Kxf8 42. e5 Ke7 43. Bb3 Bb6 1/2-1/2

[Event "GBR-ch111 Major Open"]
[Site "Liverpool"]
[Date "2025.08.03"]
[Round "2.34"]
[White "Owen, Dennis"]
[Black "Garnett, John S"]
[Result "1/2-1/2"]
[WhiteElo "1974"]
[BlackElo "1816"]
[PlyCount "35"]
[EventDate "2025.08.02"]
[EventType "swiss"]
[EventRounds "9"]
[EventCountry "GBR"]
[SourceTitle "BritBase"]
[Source "John Saunders"]
[SourceDate "2025.08.11"]
[SourceVersion "1"]
[SourceVersionDate "2025.08.11"]
[SourceQuality "1"]

1. e4 d5 2. exd5 Nf6 3. Nc3 Nxd5 4. Nxd5 Qxd5 5. Nf3 Bg4 6. Be2 e6 7. d4 Be7 8. c3 O-O 9. O-O Rd8 10. Ne5 Bxe2 11. Qxe2 c5 12. Be3 Nc6 13. Nxc6 Qxc6 14. dxc5 Bxc5 15. Bxc5 Qxc5 16. Rfd1 Qc7 17. Rxd8+ Rxd8 18. Rd1 1/2-1/2

[Event "GBR-ch111 Major Open"]
[Site "Liverpool"]
[Date "2025.08.03"]
[Round "2.35"]
[White "Mokhber-Garcia, Sebastian"]
[Black "Islam, Mohammed"]
[Result "0-1"]
[WhiteElo "1962"]
[BlackElo "1803"]
[PlyCount "68"]
[EventDate "2025.08.02"]
[EventType "swiss"]
[EventRounds "9"]
[EventCountry "GBR"]
[SourceTitle "BritBase"]
[Source "John Saunders"]
[SourceDate "2025.08.11"]
[SourceVersion "1"]
[SourceVersionDate "2025.08.11"]
[SourceQuality "1"]

1. Nf3 Nc6 2. g3 Nf6 3. Bg2 e5 4. d3 d5 5. O-O Be7 6. Nbd2 O-O 7. c4 d4 8. Ng5 h6 9. Nge4 Nxe4 10. Nxe4 Be6 11. f4 f5 12. Nd2 exf4 13. Rxf4 Bg5 14. Rf1 Be3+ 15. Kh1 f4 16. gxf4 Bxf4 17. Ne4 Be5 18. Rxf8+ Qxf8 19. Qf1 Qe7 20. Bh3 Rf8 21. Bxe6+ Qxe6 22. Qg2 Rf5 23. Nd2 Bxh2 24. Nf3 Bd6 25. Bd2 Rh5+ 26. Kg1 Rh3 27. Kf1 Rg3 28. Qh1 Ne5 29. Nxd4 Qf6+ 30. Ke1 Nxd3+ 31. exd3 Qxd4 32. Ke2 Qxd3+ 33. Ke1 Qd4 34. Ke2 Qg4+ 0-1

[Event "GBR-ch111 Major Open"]
[Site "Liverpool"]
[Date "2025.08.03"]
[Round "2.36"]
[White "Schell, Finn"]
[Black "Woozeer, Seth"]
[Result "1-0"]
[WhiteElo "1956"]
[BlackElo "1780"]
[PlyCount "57"]
[EventDate "2025.08.02"]
[EventType "swiss"]
[EventRounds "9"]
[EventCountry "GBR"]
[SourceTitle "BritBase"]
[Source "John Saunders"]
[SourceDate "2025.08.11"]
[SourceVersion "1"]
[SourceVersionDate "2025.08.11"]
[SourceQuality "1"]

1. e4 c5 2. Nf3 Nc6 3. d4 cxd4 4. Nxd4 g6 5. c4 Nf6 6. Nc3 Nxd4 7. Qxd4 d6 8. Be2 Bg7 9. O-O O-O 10. Qd3 a5 11. Be3 a4 12. Bd4 Be6 13. f4 Qa5 14. Rab1 Rfc8 15. b3 axb3 16. axb3 Ne8 17. f5 Bd7 18. Nd5 Qd8 19. Bb6 Nc7 20. Qf3 gxf5 21. exf5 Bc6 22. f6 Bxd5 23. Qg3 Qf8 24. fxg7 Qxg7 25. Qxg7+ Kxg7 26. cxd5 Nxd5 27. Bd4+ e5 28. Bc4 Nf4 29. Rxf4 1-0

[Event "GBR-ch111 Major Open"]
[Site "Liverpool"]
[Date "2025.08.03"]
[Round "2.37"]
[White "McDonagh, Michael"]
[Black "Pyun, Lindsay"]
[Result "1-0"]
[WhiteElo "1947"]
[BlackElo "1762"]
[PlyCount "85"]
[EventDate "2025.08.02"]
[EventType "swiss"]
[EventRounds "9"]
[EventCountry "GBR"]
[SourceTitle "BritBase"]
[Source "John Saunders"]
[SourceDate "2025.08.11"]
[SourceVersion "1"]
[SourceVersionDate "2025.08.11"]
[SourceQuality "1"]

1. c4 e5 2. Nc3 Bb4 3. Qc2 Bxc3 4. Qxc3 Nc6 5. Nf3 d6 6. d4 exd4 7. Nxd4 Nxd4 8. Qxd4 Qf6 9. e3 Bf5 10. Be2 Qxd4 11. exd4 a5 12. Be3 c6 13. f3 Bg6 14. Kf2 Ne7 15. Rad1 O-O 16. Rhe1 d5 17. c5 Rfe8 18. Bf4 f6 19. g4 Kf7 20. Bd3 Bxd3 21. Rxd3 Ng6 22. Rxe8 Kxe8 23. Bc1 a4 24. Ra3 Kd7 25. b3 Kc7 26. Rxa4 Re8 27. b4 Re7 28. Ra3 Rf7 29. Kg3 f5 30. g5 Nf8 31. Bf4+ Kd7 32. Ra7 Ke6 33. a4 Ng6 34. b5 cxb5 35. axb5 Nxf4 36. Kxf4 Rd7 37. c6 bxc6 38. Rxd7 Kxd7 39. bxc6+ Kxc6 40. Kxf5 Kd6 41. h4 Kd7 42. Ke5 Kc6 43. h5 1-0

[Event "GBR-ch111 Major Open"]
[Site "Liverpool"]
[Date "2025.08.03"]
[Round "2.38"]
[White "Izod, Chris"]
[Black "Jacobs, Simon"]
[Result "1/2-1/2"]
[WhiteElo "1944"]
[BlackElo "1745"]
[PlyCount "76"]
[EventDate "2025.08.02"]
[EventType "swiss"]
[EventRounds "9"]
[EventCountry "GBR"]
[SourceTitle "BritBase"]
[Source "John Saunders"]
[SourceDate "2025.08.11"]
[SourceVersion "1"]
[SourceVersionDate "2025.08.11"]
[SourceQuality "1"]

1. d4 d5 2. Nf3 Nf6 3. c4 c6 4. cxd5 cxd5 5. Nc3 Nc6 6. Bf4 a6 7. Rc1 Bf5 8. e3 e6 9. Be2 Bd6 10. Bxd6 Qxd6 11. O-O O-O 12. a3 Rfc8 13. Na4 Nd7 14. b4 a5 15. b5 Ne7 16. Qb3 b6 17. Ne5 Nxe5 18. dxe5 Qb8 19. Rxc8+ Nxc8 20. Qc3 Ne7 21. g4 Bg6 22. Qd4 Nc8 23. Rc1 Qb7 24. Rc6 Rb8 25. h4 h6 26. h5 Bh7 27. f4 Be4 28. Kf2 Qe7 29. Ke1 Qxa3 30. Nxb6 Nxb6 31. Rxb6 Rxb6 32. Qxb6 Qc1+ 33. Kf2 Qh1 34. Qd8+ Kh7 35. b6 f6 36. exf6 Qh4+ 37. Kg1 Qg3+ 38. Kf1 Qh4 1/2-1/2

[Event "GBR-ch111 Major Open"]
[Site "Liverpool"]
[Date "2025.08.03"]
[Round "2.39"]
[White "Sieczkowski, Adam"]
[Black "Sugden, John N"]
[Result "1-0"]
[WhiteElo "1806"]
[BlackElo "1920"]
[PlyCount "91"]
[EventDate "2025.08.02"]
[EventType "swiss"]
[EventRounds "9"]
[EventCountry "GBR"]
[SourceTitle "BritBase"]
[Source "John Saunders"]
[SourceDate "2025.08.11"]
[SourceVersion "1"]
[SourceVersionDate "2025.08.11"]
[SourceQuality "1"]

1. e4 c6 2. d4 d5 3. e5 Bf5 4. Bd3 Bxd3 5. Qxd3 e6 6. Ne2 Nd7 7. O-O Ne7 8. Nd2 h5 9. f4 Nf5 10. Ng3 g6 11. Kh1 c5 12. Nxf5 gxf5 13. c4 Nb6 14. dxc5 Bxc5 15. Nb3 Be7 16. c5 Nc4 17. Nd4 Bxc5 18. b3 Nb6 19. Be3 Be7 20. Nb5 a6 21. Nd6+ Bxd6 22. exd6 Qxd6 23. Qd4 Kd7 24. Qxb6 Qxb6 25. Bxb6 f6 26. Rac1 Rac8 27. Bd4 Ke7 28. Kg1 Rhg8 29. Kf2 Kf7 30. Bb2 Ke7 31. Rxc8 Rxc8 32. Rc1 Rxc1 33. Bxc1 e5 34. Ke3 Kd6 35. Ba3+ Kd7 36. Kd3 Ke6 37. Bc1 Kd6 38. a4 b5 39. Kc3 d4+ 40. Kb4 e4 41. axb5 axb5 42. Kxb5 Kd5 43. g3 e3 44. Kb4 Ke4 45. Kc4 d3 46. Kc3 1-0